Natural gas information 2002 with 2001 data

Uložené v:
Podrobná bibliografia
Korporativný autor: OECD. International Energy Agency
Médium: Kniha
Jazyk:English
Vydavateľské údaje: Paris OECD/IEA 2002
Edícia:IEA statistics
Predmet:
Tagy: Pridať tag
Žiadne tagy, Buďte prvý, kto otaguje tento záznam!

MARC

LEADER 00000nam a2200000 4500
001 c139666
005 20221124092536.9
020 |a 92-64-19791-5 
041 0 |a eng 
044 |a FR 
245 1 0 |a Natural gas information 2002  |b with 2001 data 
264 1 |a Paris  |b OECD/IEA  |c 2002 
300 |a preruš. str. 
490 1 |a IEA statistics 
830 0 |a IEA statistics 
610 2 0 |a plyn zemný 
610 2 0 |a palivá 
610 2 0 |a energia 
610 2 0 |a údaje štatistické 
610 2 0 |a porovnanie štatistické medzinárodné 
610 2 0 |a spotreba 
610 2 0 |a ceny 
610 2 0 |a výroba 
610 2 0 |a priemysel plynárenský 
610 2 0 |a vývoz 
610 2 0 |a dovoz 
710 2 |a OECD. International Energy Agency